Normal view
MARC view
- M.Idris
Entry Personal Name
001 - CONTROL NUMBER
- control field: 93318
003 - CONTROL NUMBER IDENTIFIER
- control field: NUST
005 - DATE AND TIME OF LATEST TRANSACTION
- control field: 20220706155206.0
008 - FIXED-LENGTH DATA ELEMENTS
- fixed length control field: 220706|| aca||aabn | a|a d
040 ## - CATALOGING SOURCE
- Original cataloging agency: NUST
- Transcribing agency: NUST
100 ## - HEADING--PERSONAL NAME
- Personal name: M.Idris
670 ## - SOURCE DATA FOUND
- Source citation: Work cat.: (NUST)12717: M.Idris , Next generation fixed assets management system, 2013
